000 01318nab a2200265 a 4500
005 20250318124922.0
007 ta
008 250318e1995 dr |||pdr||||||0| 0 spa d
040 _aDO-SdBNP
_cBNPHU
_erda
041 _hspa
100 _aHaza, Ivonne,
_c"La Diva Dominicana".
_987231
_d1938-2022
245 _aIvonne Haza :
_bquiero grabar su amplio repertorio /
_cIvonne Haza.
264 _aSanto Domingo, República Dominicana :
_bVetas : de la cultura dominicana y El Caribe,
_c1995.
300 _apáginas 5-8 :
_bilustraciones, fotografías ;
_c29 cm.
336 _atexto
_btxt
_2rdacontent
337 _asin mediación
_bn
_2rdamedia
338 _avolumen
_bnc
_2rdacarrier
362 _aAño 2, no. 12, 1995.
521 _a"La única pena que tengo es que nunca he grabado. Quisiera, verdaderamente, poder dejar grabada una cantidad de canciones, con todo el repertorio que tengo, por ejemplo, Ivonne les canta a los niños. Ivonne canta criollas, Ivonne canta... todo ese tipo de cosas..."
586 _aOrden de los Dominicos de Duarte de Sánchez y Mella de República Dominicana.
586 _aOrden del Mérito de Italia.
650 0 _aMúsica
_92775
_vPublicaciones periódicas
_zRepública Dominicana
773 0 _037028
_9284146
_o37538-2-12-1
_tVetas :
_w(DO-SdBNP)000037538
942 _2ddc
_cISSUE
999 _c58460
_d58460